000 01315cam a2200133 4500500
005 20251214002833.0
041 _afre
042 _adc
100 1 0 _aVancheri, Luc
_eauthor
245 0 0 _aCinéma et peinture : Passages, partages, présences
260 _bArmand Colin,
_c2007.
520 _aUn débat ouvert dès la naissance du cinéma.La nouveauté de cet ouvrage relève : d’une part de sa triple mise en perspective esthétique, historique et théorique, laquelle entend restaurer leur caractère lié. D’autre part, de sa faculté à faire entendre, tout en l’analysant, le fait que le cinéma est bien plus : que l’invention séparée d’une nouvelle technique de production et de projection des images, qu’un nouveau régime d’images et de fiction ; qu’un simple renouvellement des conditions spectatorielles.C’est cela qui a permis l’institution du cinéma comme art dès lors qu’il devenait identifiable aux conceptions de l’art héritées de la peinture. Le cinéma a rejoué en peu de temps ce que la peinture avait mis plusieurs siècles, dès le milieu du 17e, a instruire pour elle-même. De nombreux exemples développés viennent appuyer l’argumentation.
856 4 1 _uhttps://shs.cairn.info/cinema-et-peinture--9782200352844?lang=fr&redirect-ssocas=7080
999 _c1567541
_d1567541